Feminismo : unidad o conflicto?
¿Qué es el feminismo? La dificultad para dar una respuesta única lleva a la autora a reflexionar sobre algunas características comunes a las corrientes que lo integran, abordando temas tales como la ciudadanía política de las mujeres, su trabajo remunerado y no remunerado, la sexualidad y el poder,...
| Main Author: | |
|---|---|
| Format: | Libro |
| Language: | Spanish |
| Published: |
Madrid
Narcea
2004
|
| Series: | Mujeres
|
| Subjects: | |
| Online Access: |
MARC
| LEADER | 00000cam a2200000 a 4500 | ||
|---|---|---|---|
| 001 | 005305 | ||
| 003 | UAHC_CL | ||
| 005 | 20230307120925.0 | ||
| 008 | 150930s2004 sp 000 spa | ||
| 020 | |a 8427714572 | ||
| 040 | |a UAHC_CL |c UAHC_CL |d UAHC_CL | ||
| 082 | 0 | 4 | |a 305.42 |b F853 |2 21 |
| 100 | 1 | |a Freedman, Jane | |
| 245 | 1 | 0 | |a Feminismo : |b unidad o conflicto? |c Jane Freedman. |
| 260 | |b Narcea |a Madrid |c 2004 | ||
| 300 | |a 135 p. | ||
| 490 | 0 | |a Mujeres | |
| 520 | |a ¿Qué es el feminismo? La dificultad para dar una respuesta única lleva a la autora a reflexionar sobre algunas características comunes a las corrientes que lo integran, abordando temas tales como la ciudadanía política de las mujeres, su trabajo remunerado y no remunerado, la sexualidad y el poder, la raza y la identidad ét nica, para terminar con un análisis del esencialismo feminista y las teorías postmodernas y postestructuralistas, todo ello con el telón de fondo de la cuestión de la igualdad y la diferencia. | ||
| 521 | |a NTI: Género y política en América Latina | ||
| 650 | 4 | |a FEMINISMO | |
| 653 | |a SOCIOLOGIA | ||
| 900 | |a 305.42 FRE | ||
| 942 | |c BK |2 ddc | ||
| 952 | |0 0 |1 0 |4 0 |6 305_420000000000000_FRE |7 0 |8 General |9 11600 |a BC |b BC |c General |d 2017-08-03 |l 1 |o 305.42 FRE |p 1430212 |q 2026-04-09 |r 2026-03-31 17:16:41 |s 2026-03-31 |t 1 |w 2017-08-03 |y BK | ||
| 999 | |c 5305 |d 5305 | ||


